00501nam a2200157Ia 4500008004100000040001900041041001200060082002500072100002300097245010900120260003200229300002000261650001900281700002500300850001800325131103s9999 xx 000 0 und d aLoreto College aEnglish a843/BALbLCLIB/37522 aBalzac, Honore De  aSelected short storiescHonore De Balzac; selected and translated with an introduction by Sylvia Raphael aLondonbPenguin booksc1977 a269p. c 18c.m. aFrench fiction aRaphael, Sylvia; tr. aLCLIB/843/BAL